Algebra : peldatar

Saved in:
Bibliographic Details
Main Author: Dezso, Kratofil
Format: Book
Language:Hungarian
Published: Budapest : Muszaki Konyvkiado, 1973.
Subjects:
Tags: Add Tag
No Tags, Be the first to tag this record!

MARC

LEADER 00000cam a2200000 a 4500
001 1/108738
008 150918s1973####hu | ||| |||| ||hun||
040 |a GR-MyUa  |b gre  |c GR-MyUa  |e AACR2 
041 0 |a hun 
082 7 |a 512.9   |2 (23) 
100 1 |a Dezso, Kratofil. 
245 1 0 |a Algebra :   |b peldatar /   |c Kratofil Dezso. 
260 |a Budapest :   |b Muszaki Konyvkiado,   |c 1973.  
300 |a 324 σ. :   |b σχέδια ;   |c 19 εκ.  
650 0 |a Algebra. 
852 |a INST  |b SAMOS  |c MAG  |e 20150918  |h 512.9 DEZ  |p 005300035535  |q 005300035535  |t BK  |y 0 
970 |a Σιτζίμη  |b Γιασεμή  |z 19/09/2015